=LDR 00000nam 2200000 4500 =001 INLIS000000000036951 =005 20130612142715 =008 ***********************************Ind** =035 ##$$0010-061300000036951 =041 ##$$a Ind =082 ##$$a 796.7 =090 ##$$a 796.7, Wes p =100 ##$$a West, David =245 ##$$a Pekerjaan menantang bahaya pebalap mobil, Yustina Koens =260 ##$$a 2009 $b Jakarta =300 ##$$a 48 hlm, ilus, 23 cm =650 ##$$a Balapan mobil =850 ##$$a NBPNMAT =990 ##$$a 0001/BPAP-NTB/20142015 =990 ##$$a 05700570 =990 ##$$a 21101866 =990 ##$$a 0001/BPAP-NTB/20142015